00516nam a2200169Ia 4500008004100000082001800041100002500059245002800084260002900112300001200141500002400153650001500177700002600192942000700218952010600225999001500331230524s9999 xx 000 0 und d a612.3812bBAD aS.Badrinarayan96203 0aElectric Circuit Theory aNEW DELHIbScitechc2003 axii;300 aQuantity Number: 1 aElectrical a A.Usha Nandini96204 cBK 00104070aTATCLbTATCLcGENd2023-05-24l0o612.3812 BADp599r2023-05-24w2023-05-24yBKzCPEC5203 c8720d8720